=LDR 00000nam 2200000 4500 =001 INLIS000000000029015 =005 20130612131259 =008 ***********************************ind** =035 ##$$0010-061300000029015 =041 ##$$a ind =082 ##$$a 327 =090 ##$$a 327, PER p =245 ##$$a Pertikaian Peradaban, Samuel P.Hutington ...[at.al]; penerjemah, Hasan Bahanan =260 ##$$a 1997 $b Surabaya =300 ##$$a xiv, 155 hlm., 12 cm =650 ##$$a Hubungan Internasional =850 ##$$a NBPNMAT